| Tag |
First Indicator |
Second Indicator |
Subfields |
| LEADER |
00000uam a2200000 a 4500 |
| 001 |
in00004100243 |
| 005 |
20260123230650.6 |
| 006 |
m o d |
| 007 |
cr cn |
| 008 |
160813s2006 xx o eng |
| 020 |
|
|
|z 0738497444
|
| 020 |
|
|
|z 9780738497440
|
| 035 |
|
|
|a (CaSebORM)0738497444
|
| 040 |
|
|
|d UtOrBLW
|
| 041 |
0 |
|
|a eng
|
| 100 |
1 |
|
|a Gucer, Vasfi,
|e author.
|0 http://id.loc.gov/authorities/names/n2002015332
|
| 245 |
1 |
0 |
|a Deployment Guide Series :
|b IBM Tivoli Monitoring Express Version 6.1 /
|c Gucer, Vasfi.
|
| 264 |
|
1 |
|b IBM Redbooks,
|c 2006.
|
| 300 |
|
|
|a 1 online resource (416 pages)
|
| 336 |
|
|
|a text
|b txt
|2 rdacontent
|
| 337 |
|
|
|a computer
|b c
|2 rdamedia
|
| 338 |
|
|
|a online resource
|b cr
|2 rdacarrier
|
| 347 |
|
|
|a text file
|
| 520 |
|
|
|a IBM Tivoli Monitoring Express Version 6.1 is a powerful, affordable, and easy-to-use availability management solution designed to help small to mid-sized companies manage IT infrastructures. It offers the ability to manage bottlenecks, performance impacts, and outages across heterogeneous environments from a single, centralized portal. IBM Tivoli Monitoring Express V6.1 is easy to install, easy to deploy, and easy to use, providing rapid time to value. It provides real-time and historical data that enables you to quickly diagnose and solve issues with the new GUI through the IBM Tivoli Enterprise Portal component. This IBM Redbooks publication presents a deployment guide for IBM Tivoli Monitoring Express V6.1. We describe planning, installing, and troubleshooting IBM Tivoli Monitoring Express V6.1. In addition, we provide some case studies that you can use as part of a proof of concept or a customer demonstration. The target audience for this book is IT specialists working on new IBM Tivoli Monitoring Express V6.1 installations. Please note that the additional material referenced in the text is not available from IBM.
|
| 533 |
|
|
|a Electronic reproduction.
|b Boston, MA :
|c Safari,
|n Available via World Wide Web.
|d 2006.
|
| 538 |
|
|
|a Mode of access: World Wide Web.
|
| 542 |
|
|
|g 2006
|
| 588 |
|
|
|a Online resource; Title from title page (viewed May 30, 2006)
|
| 500 |
|
|
|a Electronic resource.
|
| 655 |
|
7 |
|a Electronic books.
|2 local
|
| 700 |
1 |
|
|a Marsaud, Frederic,
|e author.
|
| 700 |
1 |
|
|a Gradin, Haakan,
|e author.
|
| 700 |
1 |
|
|a Willis, John,
|e author.
|0 http://id.loc.gov/authorities/names/n77007018
|
| 710 |
2 |
|
|a Safari, an O'Reilly Media Company.
|
| 856 |
4 |
0 |
|u https://proxy.library.tamu.edu/login?url=https://go.oreilly.com/TAMU/library/view/-/0738497444/?ar
|z Connect to this electronic resource
|t 0
|
| 999 |
f |
f |
|s 843e5d77-86e6-39cb-8ec5-51239ce0ffb6
|i 66221f1d-caa4-382b-8add-85370e98cd1d
|t 0
|
| 952 |
f |
f |
|a Texas A&M University
|b College Station
|c Electronic Resources
|s www_evans
|d Available Online
|t 0
|h No information provided
|
| 998 |
f |
f |
|t 0
|l Available Online
|